00478nam a22001577a 450000500170000001000150001702000270003203500140005903700090007308200110008210000340009324500760012726000430020327000450024630000290029120250306163853.0 aENG-143980 a9781615993574c2745.00 aEN-127512 bDBAD a881.08 aMukhopadhyaya, Ramesh Chandra aK.V. Dominic Criticism and Commentary/cby Ramesh Chandra Mukhopadhyaya aAnn ArborbModern history press,c2017 a5145 Pontiac trail bAnn ArboreMI-48105 aix, 86p.:c27cm(pb)bill